ANALYTICS, DATA SCIENCE, AND ARTIFICIAL INTELLIGENCE (Record no. 216691)

MARC details
000 -LEADER
fixed length control field 00527nam a22001697a 4500
008 - FIXED-LENGTH DATA ELEMENTS--GENERAL INFORMATION
fixed length control field 260226b |||||||| |||| 00| 0 eng d
020 ## - INTERNATIONAL STANDARD BOOK NUMBER
International Standard Book Number 978-1-292-34155-2
100 ## - MAIN ENTRY--PERSONAL NAME
Personal name SHARDA, RAMESH
245 ## - TITLE STATEMENT
Title ANALYTICS, DATA SCIENCE, AND ARTIFICIAL INTELLIGENCE
Remainder of title SYSTMES FOR DECISION SUPPORT
250 ## - EDITION STATEMENT
Edition statement 11TH ED
260 ## - PUBLICATION, DISTRIBUTION, ETC.
Place of publication, distribution, etc. HARLOW, ENGLAND
Name of publisher, distributor, etc. PEARSON
Date of publication, distribution, etc. 2021
300 ## - PHYSICAL DESCRIPTION
Extent 831P.
500 ## - GENERAL NOTE
General note INCLUDES INDEX
650 ## - SUBJECT ADDED ENTRY
Topical term or geographic name entry element 1. MANAGEMENT - DATA PROCESSING 2. DECISION SUPPORT SYSTEMS
942 ## - ADDED ENTRY ELEMENTS (KOHA)
Source of classification or shelving scheme Library of Congress Classification
Koha item type Long Loan Book
Holdings
Withdrawn status Lost status Source of classification or shelving scheme Damaged status Not for loan Collection Home library Current library Shelving location Date acquired Inventory number Total checkouts Full call number Barcode Date last seen Copy number Price effective from Koha item type
    Library of Congress Classification     Business & Economics Kisii University Library Kisii University Library On Display 02/26/2026 111540   HD 30.2 .S53 2021 A000825 02/26/2026 1 02/26/2026 Long Loan Book
    Library of Congress Classification     Business & Economics Kisii University Library Kisii University Library On Display 02/26/2026 111541   HD 30.2 .S53 2021 A000826 02/26/2026 2 02/26/2026 Long Loan Book
    Library of Congress Classification     Business & Economics Kisii University Library Kisii University Library On Display 02/26/2026 111542   HD 30.2 .S53 2021 A000828 02/26/2026 3 02/26/2026 Long Loan Book
    Library of Congress Classification     Business & Economics Kisii University Library Kisii University Library On Display 02/26/2026 111543   HD 30.2 .S53 2021 A000827 02/26/2026 4 02/26/2026 Long Loan Book
    Library of Congress Classification     Business & Economics Kisii University Library Kisii University Library On Display 02/26/2026 111544   HD 30.2 .S53 2021 A000823 02/26/2026 5 02/26/2026 Long Loan Book